Top 100 ITV Shows (IMDB) - Statistics

General Stats
  • This quiz has been taken 38 times
    20 since last reset
  • The average score is 6 of 113
Answer Stats
Show Year(s) IMDB % Correct
Broadchurch 2013-2017 8.4
47%
A Touch of Frost 1992-2010 7.9
33%
Downton Abbey 2010-2015 8.7
27%
Marple 2004-2013 7.8
27%
Mr. Bean 1990-1995 8.6
27%
Vera 2011-Present 8.1
27%
Cracker 1993-1996 8.5
20%
Doc Martin 2004-2022 8.4
20%
Little Boy Blue 2017 7.8
20%
Poirot 1989-2003 8.6
20%
Band of Gold 1995-1997 7.8
13%
Inspector Lewis 2006-2015 8.1
13%
Minder 1979-1994 7.8
13%
Prime Suspect 1991 8.3
13%
Rising Damp 1974-1978 7.7
13%
The Darling Buds of May 1991-1993 7.8
13%
The Durrells 2016-2019 8.2
13%
Whitechapel 2009-2013 7.8
13%
Bad Girls 1999-2006 7.9
7%
Brideshead Revisited 1981 8.5
7%
Creature Comforts 2003-2006 7.9
7%
Endeavour 2012-2022 8.6
7%
Foyle's War 2002-2015 8.6
7%
Fraggle Rock 1983-1987 7.9
7%
Hollywood 1980 9.3
7%
Jeeves and Wooster 1990-1993 8.4
7%
Knightmare 1987-1994 8.1
7%
Maigret 1992-1993 7.8
7%
Plebs 2013-Present 7.8
7%
Prime Suspect 2 1992 8.1
7%
Prime Suspect 3 1993 8.1
7%
Prime Suspect 5: Errors of Judgement 1996 7.8
7%
Prime Suspect 6: The Last Witness 2003 8.2
7%
Prime Suspect 7: The Final Act 2006 8.2
7%
Reilly: Ace of Spies 1983 8.2
7%
Rosemary & Thyme 2003-2007 7.6
7%
Scott & Bailey 2011-2016 8.0
7%
The Avengers 1961-1969 8.3
7%
The Beatles Anthology 1995-1996 9.1
7%
The Beiderbecke Affair 1985 8.6
7%
The Morecambe & Wise Show 1978-1983 7.9
7%
The Muppet Show 1976-1981 8.4
7%
The New Statesman 1987, 1989-1992 7.9
7%
The Prisoner 1967-1968 8.5
7%
The Professionals 1977-1983 8.0
7%
The Sketch Show 2001-2003 8.2
7%
The Sweeney 1975-1978 8.1
7%
The Wind in the Willows 1984-1990 7.9
7%
Trial & Retribution 1997-2009 7.6
7%
Unforgotten 2015-Present 8.3
7%
Upstairs, Downstairs 1971-1975 8.4
7%
Vicious 2013-2016 8.0
7%
Victoria 2016-2019 8.2
7%
63 Up 2019 8.2
0%
Afterlife 2005-2006 7.9
0%
At Last the 1948 Show 1967 7.7
0%
Auf Widersehen, Pet 1983-1986 8.5
0%
Bramwell 1995-1998 8.0
0%
Brief Encounters 2016 7.6
0%
Callan 1967-1972 8.3
0%
Captain Scarlet and the Mysterons 1967-1968 7.8
0%
Catweazle 1970-1971 7.8
0%
Children of the Stones 1977 7.6
0%
Cilla 2014 7.9
0%
Danger Man 1960-1962 7.9
0%
Danger UXB 1979 8.5
0%
DCI Banks 2010-2016 7.6
0%
Des 2020 7.6
0%
Fortysomething 2003 7.6
0%
Gordon, Gino & Fred's Road Trip 2018-Present 8.4
0%
Heat of the Sun 1998 7.9
0%
Home Fires 2015-2016 8.2
0%
Jesus of Nazareth 1977 8.5
0%
Kingdom 2007-2009 7.8
0%
Lillie 1978 8.2
0%
Manhunt 2019-2021 7.6
0%
Mind Your Language 1987-1997 8.7
0%
Monroe 2011-2012 7.6
0%
Mr Selfridge 2013-2016 7.7
0%
My Partner the Ghost 1969-1970 7.6
0%
Mystery!: Cadfael 1994-1998 8.1
0%
Oliver Twist 1999 7.7
0%
Penn & Teller: Fool Us 2011 8.0
0%
Piece of Cake 1988 8.1
0%
Press Gang 1989-1993 8.1
0%
Reckless 1997 8.1
0%
Robin of Sherwood 1984-1986 8.4
0%
Sanditon 2019 7.7
0%
Sapphire & Steel 1979-1982 7.9
0%
Tales of the Unexpected 1979-1988 7.6
0%
The Adventures of Robin Hood 1955-1959 7.6
0%
The Adventures of Sherlock Holmes 1984-1985 8.7
0%
The Bletchley Circle 2012-2014 7.9
0%
The Case-Book of Sherlock Holmes 1991-1993 8.7
0%
The Forsyte Saga 2002-2003 8.1
0%
The Fortunes and Misfortunes of Moll Flanders 1996 7.7
0%
The Goodies 1981-1982 7.7
0%
The Good Karma Hospital 2017-Present 7.9
0%
The Jewel in the Crown 1984 8.4
0%
The Jury 2002, 2011 7.7
0%
The Last Detective 2003-2007 7.8
0%
The Lost Honour of Christopher Jefferies 2014 7.9
0%
The Memoirs of Sherlock Holmes 1994 8.6
0%
The Persuaders! 1971-1972 8.0
0%
The Return of Sherlock Holmes 1986-1988 8.7
0%
The Sandbaggers 1978-1980 8.8
0%
The StoryTeller 1987-1988 8.8
0%
Thriller 1973-1976 7.8
0%
UFO 1970-1971 7.9
0%
Ultimate Force 2002-2006 7.6
0%
Unforgiven 2009 7.8
0%
Unknown Chaplin 1983 8.7
0%
William and Mary 2003-2005 7.6
0%
No matching quizzes found
Score Distribution
Percent of People with Each Score
Percentile by Number Answered
Your Score History
You have not taken this quiz since the last reset